[Event "Astana Zhuldyzdary Open A"]
[Site "Astana KAZ"]
[Date "2023.07.12"]
[Round "2.43"]
[White "Rakhimzhan, Alen"]
[Black "Mukhametkali, Merey"]
[Result "1-0"]
[WhiteTitle "FM"]
[WhiteElo "2154"]
[BlackElo "1923"]
[WhiteFideId "13707213"]
[BlackFideId "13727389"]
[EventDate "2023.07.11"]

1. d4 Nf6 2. c4 e6 3. Nc3 c5 4. d5 exd5 5. cxd5 d6 6. e4 g6 7. f4 Bg7 8. Bb5+
Nfd7 9. Nf3 O-O 10. O-O a6 11. Bd3 b5 12. Kh1 Re8 13. a3 c4 14. Bc2 Nc5 15. Be3
Bxc3 16. bxc3 Nxe4 17. f5 Bxf5 18. Nd4 Qh4 19. Nxf5 gxf5 20. Kg1 Nxc3 21. Qd2
Ne4 22. Qd4 Qf6 23. Qxf6 Nxf6 24. Bd4 Nxd5 25. Rxf5 Ne7 26. Rg5+ Ng6 27. h4 Nc6
28. Bf6 Re2 29. Bf5 h6 30. Rg3 h5 31. Kf1 Rd2 32. Bc3 Rd5 33. Rxg6+ fxg6 34.
Be6+ Kh7 35. Bxd5 Rf8+ 36. Kg1 Ne7 37. Bf3 Nf5 38. Re1 Rd8 39. Bd5 Rf8 40. g3
Rd8 41. Kg2 Rb8 42. Re6 Rd8 43. Kh3 Rb8 44. Rf6 1-0

[Event "Astana Zhuldyzdary Open A"]
[Site "Astana KAZ"]
[Date "2023.07.12"]
[Round "2.44"]
[White "Nurgaliyeva, Zarina"]
[Black "Balmagambetov, Timur"]
[Result "1/2-1/2"]
[WhiteTitle "WFM"]
[WhiteElo "1921"]
[BlackElo "2143"]
[WhiteFideId "13730096"]
[BlackFideId "13730258"]
[EventDate "2023.07.11"]

1. e4 c5 2. Nf3 e6 3. c3 d5 4. exd5 Qxd5 5. d4 Nf6 6. Na3 Nc6 7. Be2 Be7 8. Nb5
Qd8 9. dxc5 Bxc5 10. Qxd8+ Kxd8 11. Bg5 a6 12. Rd1+ Ke7 13. Nbd4 Bd7 14. O-O h6
15. Bh4 Nxd4 16. Nxd4 g5 17. Nb3 Bd6 18. Bg3 Bxg3 19. hxg3 Rhc8 20. Rfe1 Ra7 21.
Na5 Bb5 22. Bf3 Rc7 23. Rd4 b6 24. Nb3 a5 25. a3 Be8 26. g4 Nd7 27. Rd2 Nc5 28.
Nd4 Kf6 29. g3 b5 30. Kg2 Ra6 31. Nf5 Bd7 32. Nd6 Na4 33. Red1 Raa7 34. Be2 b4
35. axb4 axb4 36. cxb4 Nb6 37. Bb5 Nd5 38. Bxd7 Rxd7 39. Ne4+ Ke7 40. b5 Rdb7
41. Rh1 Rxb5 42. Rxh6 Ra4 43. Nxg5 Rxg4 44. Nf3 Rgb4 45. Rh7 1/2-1/2

[Event "Astana Zhuldyzdary Open A"]
[Site "Astana KAZ"]
[Date "2023.07.12"]
[Round "2.45"]
[White "Voinikonis, Nikita"]
[Black "Nauryzgaliev, Amangeldy"]
[Result "1-0"]
[WhiteTitle "FM"]
[WhiteElo "2133"]
[BlackElo "1894"]
[WhiteFideId "34187500"]
[BlackFideId "13707434"]
[EventDate "2023.07.11"]

1. d4 Nf6 2. c4 e6 3. Nc3 d5 4. cxd5 exd5 5. Bg5 Be7 6. e3 O-O 7. Bd3 Re8 8. Qc2
Nbd7 9. Nf3 h6 10. Bh4 c6 11. Nd2 b6 12. O-O Bb7 13. Rad1 Rc8 14. Bf5 Ra8 15. f4
Nf8 16. Nf3 g6 17. Bh3 Ng4 18. Bxe7 Nxe3 19. Bxd8 Nxc2 20. Bf6 Ne3 21. Ne5 Nh7
22. Bh4 Nxd1 23. Rxd1 g5 24. Bg3 f6 25. Nd3 Bc8 26. Bxc8 Raxc8 27. Kf2 Nf8 28.
f5 Nd7 29. b4 Kf7 30. Rd2 a6 31. h3 c5 32. bxc5 bxc5 33. Rb2 cxd4 34. Nxd5 Rc6
35. Rb7 Rd8 36. N3b4 Rc5 37. Bc7 Rc8 38. Bb6 Ke8 39. Bxc5 Rxc5 40. Rc7 1-0

[Event "Astana Zhuldyzdary Open A"]
[Site "Astana KAZ"]
[Date "2023.07.12"]
[Round "2.46"]
[White "Boran, Shyngys"]
[Black "Bulatov, Ramil"]
[Result "1/2-1/2"]
[WhiteElo "1891"]
[BlackElo "2132"]
[WhiteFideId "13715429"]
[BlackFideId "4166140"]
[EventDate "2023.07.11"]

1. e4 e6 2. d4 d5 3. Nc3 Nf6 4. exd5 exd5 5. Bg5 Bb4 6. Qf3 Nbd7 7. O-O-O Bxc3
8. Qe3+ Qe7 9. Qxe7+ Kxe7 10. bxc3 h6 11. Re1+ Kd8 12. Bh4 c5 13. c4 cxd4 14.
Nf3 Nb6 15. Ne5 Be6 16. Rd1 dxc4 17. Rxd4+ Ke7 18. Bxc4 Nxc4 19. Nxc4 Rhd8 20.
Rhd1 Rxd4 21. Rxd4 Rc8 22. Ne3 Rc6 23. a3 a6 24. f4 Rc5 25. g4 g5 26. Bg3 gxf4
27. Bxf4 Nd5 28. Bxh6 Nxe3 29. Bxe3 Rc4 30. Rxc4 Bxc4 31. Kd2 Bf1 32. Bc5+ Kf6
33. Ke3 Kg5 34. Kf3 f5 35. Be7+ Kg6 1/2-1/2

[Event "Astana Zhuldyzdary Open A"]
[Site "Astana KAZ"]
[Date "2023.07.12"]
[Round "2.47"]
[White "Lupolov, Boris"]
[Black "Kanaev, Ardak"]
[Result "1-0"]
[WhiteElo "2121"]
[BlackElo "1865"]
[WhiteFideId "44130457"]
[BlackFideId "13701533"]
[EventDate "2023.07.11"]

1. d4 Nf6 2. c4 g6 3. Nc3 d5 4. Bg5 Bg7 5. Bxf6 Bxf6 6. cxd5 c5 7. dxc5 Nd7 8.
e3 O-O 9. Bc4 Nxc5 10. Nge2 Qd6 11. Qd2 Bg4 12. O-O Rac8 13. Ng3 Bxc3 14. bxc3
Ne4 15. Nxe4 Rxc4 16. Ng3 Bc8 17. Rab1 Qc5 18. Rb3 Rd8 19. e4 b6 20. h4 f5 21.
h5 fxe4 22. hxg6 hxg6 23. Qg5 Qd6 24. Rb4 Rxb4 25. cxb4 Qf6 26. Qxf6 exf6 27.
Nxe4 Kf7 28. Rc1 Bf5 29. Rc7+ Kf8 30. Nxf6 Rd6 31. Nh7+ Ke8 32. Rxa7 Kd8 33. Ng5
Rxd5 34. g3 Kc8 35. Re7 Rd2 36. Nf3 Rxa2 37. Re3 Kb7 38. Ne5 Ka6 39. g4 Bc2 40.
Kg2 Kb5 41. Kg3 Ka4 42. Nc4 Bb3 43. Nxb6+ Ka3 44. b5 Kb4 45. Nd7 Bd5 46. b6 Ra6
47. Re7 1-0

[Event "Astana Zhuldyzdary Open A"]
[Site "Astana KAZ"]
[Date "2023.07.12"]
[Round "2.48"]
[White "Karibayev, Dimash"]
[Black "Mazhkenov, Alisher"]
[Result "1/2-1/2"]
[WhiteElo "1876"]
[BlackElo "2119"]
[WhiteFideId "13720333"]
[BlackFideId "13718983"]
[EventDate "2023.07.11"]

1. e4 c5 2. Nf3 d6 3. d4 cxd4 4. Nxd4 Nf6 5. Nc3 a6 6. Rg1 e5 7. Nb3 Be6 8. Bg5
Nbd7 9. Qd2 h6 10. Be3 Ng4 11. O-O-O Nxe3 12. Qxe3 Qg5 13. Qxg5 hxg5 14. h3 Nf6
15. g4 Rc8 16. Rg3 Be7 17. Bg2 O-O 18. Nd2 Bd8 19. Nf1 Bb6 20. Ne3 Bxe3+ 21.
Rxe3 Rc6 22. a4 Rfc8 23. Rd2 Kf8 24. Red3 Ke7 25. Nd1 Nd7 26. Kb1 b5 27. axb5
axb5 28. Ra3 b4 29. Ra7 R6c7 30. Rxc7 Rxc7 31. b3 Nc5 32. Ne3 g6 33. Kb2 Rc8 34.
f3 Ra8 35. Bf1 Ra3 36. Bc4 Ra8 37. Bf1 Ra3 38. Bc4 Ra8 1/2-1/2

[Event "Astana Zhuldyzdary Open A"]
[Site "Astana KAZ"]
[Date "2023.07.12"]
[Round "2.49"]
[White "Zvereva, Margarita"]
[Black "Irgaliyev, Alikhan"]
[Result "0-1"]
[WhiteTitle "WFM"]
[WhiteElo "1857"]
[BlackElo "2082"]
[WhiteFideId "34177741"]
[BlackFideId "13705610"]
[EventDate "2023.07.11"]

1. d4 Nf6 2. Nf3 e6 3. g3 c5 4. Bg2 cxd4 5. Nxd4 Be7 6. O-O O-O 7. c4 Nc6 8. Nc3
a6 9. b3 Qb6 10. Nf3 Rd8 11. e4 Qa5 12. Bb2 Ba3 13. Bxa3 Qxa3 14. Nd4 e5 15. Nc2
Qc5 16. Nd5 Nxd5 17. cxd5 Ne7 18. d6 Nc6 19. Rc1 b5 20. Qd5 Qxd5 21. exd5 Na5
22. Nb4 Nb7 23. Nd3 f6 24. Rc7 Nxd6 25. Rfc1 Ne8 26. R7c2 Kf8 27. Nc5 Nd6 28.
Ne4 Ne8 29. d6 Rb8 30. g4 Bb7 31. Rc7 Bxe4 32. Bxe4 g6 33. Bb7 Nxd6 34. Bxa6 Ra8
35. Bb7 Rxa2 36. Rd1 Ke7 37. Bd5 Rc8 38. Rdc1 Rxc7 39. Rxc7 h5 40. gxh5 gxh5 41.
Bc6 Rc2 42. Rxd7+ Ke6 43. Rc7 Rb2 44. Rh7 Rxb3 45. Rxh5 Rc3 46. Ba8 Rc8 47. Bf3
b4 48. Rh4 Rb8 49. Bd1 b3 50. Bxb3+ Rxb3 51. Ra4 e4 52. Ra1 Nf5 53. Ra4 Ke5 54.
Ra6 Nh4 55. Kf1 Nf3 56. Kg2 Rb1 57. Ra8 Kf4 58. Rh8 Rg1+ 59. Kh3 Rg4 0-1

[Event "Astana Zhuldyzdary Open A"]
[Site "Astana KAZ"]
[Date "2023.07.12"]
[Round "2.50"]
[White "Ulkhanov, Azamat"]
[Black "Volchkova, Alena"]
[Result "1-0"]
[WhiteElo "2064"]
[BlackElo "1824"]
[WhiteFideId "13700235"]
[BlackFideId "54104408"]
[EventDate "2023.07.11"]

1. e4 c5 2. Nc3 Nc6 3. g3 g6 4. Bg2 Bg7 5. Nge2 e6 6. d3 Nge7 7. Be3 Nd4 8. Qd2
d6 9. Nd1 Nec6 10. Nc1 e5 11. c3 Bh3 12. f4 Bxg2 13. Qxg2 exf4 14. gxf4 Qh4+ 15.
Bf2 Qxf4 16. cxd4 Nxd4 17. O-O Nf3+ 18. Kh1 Nd2 19. Re1 Nf3 20. Re3 Ne5 21. Ne2
Qh6 22. Ndc3 O-O 23. Rd1 Bh8 24. Nd5 Rae8 25. Rh3 Qg7 26. Be3 h5 27. Rxh5 f5 28.
Bh6 Qh7 29. exf5 1-0

[Event "Astana Zhuldyzdary Open A"]
[Site "Astana KAZ"]
[Date "2023.07.12"]
[Round "2.52"]
[White "Kuziev, Miraziz"]
[Black "Khamit, Daulet"]
[Result "1-0"]
[WhiteElo "2049"]
[BlackElo "1822"]
[WhiteFideId "14215772"]
[BlackFideId "13709542"]
[EventDate "2023.07.11"]

1. d4 e6 2. c4 f5 3. g3 Nf6 4. Bg2 c6 5. Nh3 d6 6. O-O Be7 7. b3 e5 8. Bb2 e4 9.
d5 O-O 10. f3 Na6 11. Nc3 Qb6+ 12. Kh1 Nc5 13. Qd4 Bd7 14. Nf2 exf3 15. exf3 f4
16. Qxf4 Ng4 17. Qd2 Nxf2+ 18. Qxf2 Nd3 19. Qe2 Bf5 20. Qxe7 Rae8 21. Qg5 Nxb2
22. Qd2 Nd3 23. g4 Bg6 24. f4 Qe3 25. Qxe3 Rxe3 26. f5 Be8 27. Ne4 Re2 28. Nxd6
Nf2+ 29. Kg1 Nxg4 30. Rae1 Rxe1 31. Rxe1 Bd7 32. Nxb7 Bxf5 33. dxc6 h5 34. Nd6
Bc8 35. c7 Nf6 36. Re7 h4 37. Nxc8 Rxc8 38. Bb7 Rf8 39. c8=Q Rxc8 40. Bxc8 Kf8
41. Rxa7 h3 42. Bxh3 g5 43. Be6 g4 44. Rf7+ Ke8 45. Rxf6 Ke7 46. Rg6 g3 47. h4
g2 48. h5 Kd8 49. h6 Ke7 50. Bf5 Kf7 51. h7 Ke7 52. h8=Q Kf7 53. Qh7+ Ke8 54.
Rg8# 1-0

[Event "Astana Zhuldyzdary Open A"]
[Site "Astana KAZ"]
[Date "2023.07.12"]
[Round "2.53"]
[White "Sovetbekova, Nurai"]
[Black "Bayantas, Asman"]
[Result "0-1"]
[WhiteTitle "WFM"]
[WhiteElo "1823"]
[BlackElo "2046"]
[WhiteFideId "13801910"]
[BlackFideId "13725254"]
[EventDate "2023.07.11"]

1. d4 Nf6 2. c4 g6 3. Nc3 Bg7 4. e4 O-O 5. Nf3 d6 6. Bd3 Bg4 7. Be2 Nfd7 8. Be3
c5 9. d5 Qa5 10. Qb3 e6 11. O-O exd5 12. exd5 Na6 13. Bf4 Bxf3 14. Bxf3 Ne5 15.
Be2 Qb4 16. Nb5 Rfd8 17. Qc2 Qa5 18. a3 Qb6 19. Rfe1 Nc7 20. Nc3 a6 21. Bf1 Re8
22. h3 f5 23. Re3 Qa7 24. Rae1 Rab8 25. a4 Kh8 26. Kh1 Qa8 27. Qd2 b6 28. h4 Bf6
29. Rh3 Nf7 30. Bd3 Rxe1+ 31. Qxe1 Re8 32. Qd2 Qc8 33. Nd1 Be5 34. Bxe5+ Rxe5 0-1

[Event "Astana Zhuldyzdary Open A"]
[Site "Astana KAZ"]
[Date "2023.07.12"]
[Round "2.54"]
[White "Zhunusov, Murat"]
[Black "Zhakan, Erasyl"]
[Result "0-1"]
[WhiteTitle "IM"]
[WhiteElo "2028"]
[BlackElo "1813"]
[WhiteFideId "13701002"]
[BlackFideId "13722271"]
[EventDate "2023.07.11"]

1. Nf3 Nf6 2. c4 e6 3. b3 b6 4. Bb2 Bb7 5. e3 d5 6. Be2 Bd6 7. cxd5 exd5 8. O-O
O-O 9. Nc3 a6 10. Rc1 Nbd7 11. d4 Re8 12. Bd3 Ne4 13. Ne2 Qf6 14. Rc2 Rac8 15.
Qc1 Qh6 16. Ba3 c5 17. Ng3 g6 18. dxc5 Nexc5 19. Be2 Nxb3 20. axb3 Rxc2 21. Qxc2
Bxa3 22. Qc7 Bc8 23. Bxa6 Bxa6 24. Qxd7 Rxe3 25. Re1 Rc3 26. h4 Rc1 27. Rxc1
Qxc1+ 28. Kh2 Qc8 29. Qxd5 Bb7 30. Qe5 Bxf3 31. gxf3 h5 32. Ne4 Qd8 33. Kh3 Be7
34. Ng5 Bf6 35. Qb5 Bxg5 36. hxg5 Qc8+ 37. Kg3 Qc7+ 38. f4 Qd8 39. Qc4 Qd7 40.
Qe2 Qe6 41. Qd1 Kh7 42. Qf3 Qe1 43. f5 Qg1+ 44. Kf4 Qc1+ 45. Ke4 Qxg5 46. fxg6+
Qxg6+ 47. Ke5 Qe6+ 48. Kd4 Qg4+ 49. Qxg4 hxg4 50. Ke5 Kg6 51. Kf4 f5 52. b4 b5
53. f3 gxf3 54. Kxf3 Kf6 55. Kf4 Ke6 56. Kf3 Ke5 57. Ke3 Kd5 0-1

[Event "Astana Zhuldyzdary Open A"]
[Site "Astana KAZ"]
[Date "2023.07.12"]
[Round "3.1"]
[White "Ponkratov, Pavel"]
[Black "Sivuk, Vitaly"]
[Result "1/2-1/2"]
[WhiteTitle "GM"]
[BlackTitle "GM"]
[WhiteElo "2589"]
[BlackElo "2432"]
[WhiteFideId "4157800"]
[BlackFideId "14116502"]
[EventDate "2023.07.11"]

1. e4 e5 2. Nf3 Nf6 3. d4 Nxe4 4. Bd3 d5 5. Nxe5 Bd6 6. c4 Bb4+ 7. Nd2 Bxd2+ 8.
Bxd2 Nxd2 9. Qxd2 dxc4 10. Bxc4 O-O 11. O-O Nd7 12. Qc2 Nb6 13. Bb3 Nd5 14. Rad1
c6 15. Rfe1 Be6 16. Qc1 Qh4 17. g3 Qf6 18. h4 Rfd8 19. Rd3 Rd6 20. Rf3 Qd8 21.
Nc4 Rd7 22. Ne5 Rd6 23. Nc4 Rd7 24. Ne5 1/2-1/2

[Event "Astana Zhuldyzdary Open A"]
[Site "Astana KAZ"]
[Date "2023.07.12"]
[Round "3.2"]
[White "Lobanov, Sergei"]
[Black "Igambergenov, Alibek"]
[Result "1/2-1/2"]
[WhiteTitle "GM"]
[BlackTitle "IM"]
[WhiteElo "2547"]
[BlackElo "2420"]
[WhiteFideId "24183750"]
[BlackFideId "13703404"]
[EventDate "2023.07.11"]

1. d4 Nf6 2. c4 e6 3. Nc3 Bb4 4. e3 O-O 5. a3 Bxc3+ 6. bxc3 c5 7. Bd3 Nc6 8. Ne2
b6 9. e4 Ne8 10. h4 e5 11. Be3 Ba6 12. dxc5 Na5 13. cxb6 axb6 14. c5 Bxd3 15.
Qxd3 Nb3 16. Rd1 Nxc5 17. Bxc5 1/2-1/2

[Event "Astana Zhuldyzdary Open A"]
[Site "Astana KAZ"]
[Date "2023.07.12"]
[Round "3.3"]
[White "Agmanov, Zhandos"]
[Black "Muradli, Mahammad"]
[Result "0-1"]
[WhiteTitle "IM"]
[BlackTitle "GM"]
[WhiteElo "2430"]
[BlackElo "2546"]
[WhiteFideId "13708309"]
[BlackFideId "13409301"]
[EventDate "2023.07.11"]

1. e4 c5 2. Nf3 d6 3. d4 cxd4 4. Nxd4 Nf6 5. Nc3 a6 6. Be3 e5 7. Nb3 Be7 8. f3
Be6 9. Qd2 O-O 10. O-O-O a5 11. a4 Nc6 12. g4 Nb4 13. Kb1 Rc8 14. g5 Nh5 15. Rg1
g6 16. Qf2 d5 17. exd5 Rxc3 18. bxc3 Nxd5 19. Kb2 Qc7 20. c4 Nxe3 21. Qxe3 Rc8
22. c5 Bxb3 23. Qxb3 Bxc5 24. Bh3 Rd8 25. Rge1 Nf4 26. Bf1 Bf2 27. Qc4 Qb8 28.
Rxd8+ Qxd8 29. Re4 Qd2 30. Kb3 Qd1 31. Qc8+ Kg7 32. Qc3 Ne6 33. Qxe5+ Kg8 34.
Qb8+ Nf8 35. Bd3 Qb1+ 36. Kc3 Bc5 37. Qe8 Bb4+ 38. Kc4 Qa2+ 39. Kb5 Qd5+ 40. Kb6
Bc5+ 41. Kc7 0-1

[Event "Astana Zhuldyzdary Open A"]
[Site "Astana KAZ"]
[Date "2023.07.12"]
[Round "3.4"]
[White "Isanzhulov, Arystan"]
[Black "Nikitenko, Mihail"]
[Result "1/2-1/2"]
[WhiteTitle "FM"]
[BlackTitle "GM"]
[WhiteElo "2422"]
[BlackElo "2540"]
[WhiteFideId "13711644"]
[BlackFideId "13506862"]
[EventDate "2023.07.11"]

1. e4 e6 2. d4 d5 3. exd5 exd5 4. Nf3 Nc6 5. Bd3 Bd6 6. O-O Nge7 7. Re1 Nb4 8.
Bf1 Bf5 9. Na3 a6 10. c3 Nc6 11. Nc2 O-O 12. Ne5 Nb8 13. g4 Bc8 14. f4 c5 15.
Bg2 Nbc6 16. Nxc6 Nxc6 17. Be3 cxd4 18. Nxd4 Nxd4 19. Qxd4 Bxg4 20. Qxd5 Re8 21.
Qd2 Qd7 22. Qf2 Re7 23. Bd4 Rae8 24. Rxe7 Rxe7 25. Qg3 g6 26. Re1 h5 27. Rxe7
Qxe7 28. Qe3 Qd7 29. Qe4 b5 30. Qa8+ Qc8 31. Qxc8+ Bxc8 32. Be5 Bc5+ 33. Bd4
Bxd4+ 34. cxd4 Kf8 35. b4 h4 36. Kf2 Ke7 37. a3 Kd6 38. Be4 Bd7 39. Ke3 Be8 40.
Bc2 Bc6 41. Bb1 Be8 42. Bc2 f6 43. Bd1 Bd7 44. Bf3 Bc8 45. Bd1 g5 46. fxg5 fxg5
47. Bf3 Bd7 48. Bg2 Bf5 49. Bb7 Kc7 50. Be4 Be6 51. Bg2 Bc8 52. Be4 Kd6 53. Bg2
Bd7 54. Be4 Be6 55. Bb7 Kc7 56. Bg2 Bc8 57. Bd5 Kd7 58. Bf3 Ke7 59. Be4 Kf6 60.
Kf3 Ke7 61. Ke3 Ke6 62. Kf3 Kf6 63. Ke3 Bd7 1/2-1/2

[Event "Astana Zhuldyzdary Open A"]
[Site "Astana KAZ"]
[Date "2023.07.12"]
[Round "3.5"]
[White "Tsaruk, Maksim"]
[Black "Ohanyan, Emin"]
[Result "1-0"]
[WhiteTitle "FM"]
[BlackTitle "IM"]
[WhiteElo "2393"]
[BlackElo "2489"]
[WhiteFideId "13511173"]
[BlackFideId "13312022"]
[EventDate "2023.07.11"]

1. e4 c5 2. Nf3 e6 3. d4 cxd4 4. Nxd4 Nf6 5. Nc3 Nc6 6. Ndb5 d6 7. Bf4 e5 8. Bg5
a6 9. Na3 b5 10. Nd5 Be7 11. Bxf6 Bxf6 12. c3 Bg5 13. Nc2 Rb8 14. a4 bxa4 15.
Ncb4 Nxb4 16. cxb4 O-O 17. Rxa4 a5 18. b5 Bd7 19. Nc3 d5 20. exd5 e4 21. Rxe4 f5
22. Rd4 Bf6 23. Be2 Bxd4 24. Qxd4 Qe7 25. d6 Qf6 26. Qd2 Rfd8 27. O-O Be8 28.
Rd1 Kh8 29. Qf4 g5 30. Qe3 Rxd6 31. Rxd6 Qxd6 32. Qxg5 Qe5 33. h4 Rb7 34. Qd8 a4
35. b6 h6 36. Bh5 Rb8 37. Qd2 Bxh5 38. Qxh6+ Kg8 39. Qg5+ Qg7 40. Qxh5 a3 41.
Qe2 Rxb6 42. Qc4+ Kh7 43. bxa3 Rg6 44. g3 Qa7 45. Qf4 Qxa3 46. Qxf5 Qc1+ 47. Kh2
Kh6 48. Ne4 Qc6 49. Ng5 Qf6 50. Qc5 Rg8 51. Qc2 Qg6 52. Qc7 Rf8 53. f4 Qf5 54.
Qc6+ Kh5 55. Ne6 Rg8 56. Nd4 Qf7 57. Qf3+ Kh6 58. f5 Qa2+ 59. Kh3 Qc4 60. Ne6
Qc1 61. Nf4 Kg7 62. f6+ Kf7 63. Qd5+ Kxf6 64. Nh5+ Ke7 65. Qxg8 Qf1+ 66. Kg4
Qe2+ 67. Kg5 Qe3+ 68. Kg6 1-0

[Event "Astana Zhuldyzdary Open A"]
[Site "Astana KAZ"]
[Date "2023.07.12"]
[Round "3.6"]
[White "Kozganbay, Erkin"]
[Black "Faizrakhmanov, Ramil"]
[Result "1/2-1/2"]
[BlackTitle "IM"]
[WhiteElo "2337"]
[BlackElo "2457"]
[WhiteFideId "13703773"]
[BlackFideId "24103209"]
[EventDate "2023.07.11"]

1. Nf3 d5 2. g3 Nf6 3. Bg2 c6 4. c4 Bg4 5. Ne5 Be6 6. cxd5 Bxd5 7. Nf3 e5 8. Nc3
Bxf3 9. Bxf3 Bc5 10. O-O O-O 11. d3 Nbd7 12. Bd2 Nb6 13. Rb1 a5 14. Qc2 h6 15.
a3 a4 16. Nxa4 Nxa4 17. b3 Bxf2+ 18. Rxf2 Nb6 19. a4 Qd7 20. Qc5 Nbd5 21. Qc4
Rfe8 22. Rbf1 Qe6 23. Bxd5 Qxd5 24. Qh4 Qd4 25. e4 Nh7 26. Kg2 f6 27. Bxh6 Re7
28. Qg4 Kh8 29. Bc1 Qxd3 30. Rd2 Qxb3 31. Rfd1 Rae8 32. Rd7 Qc2+ 33. Kh3 Rxd7
34. Rxd7 Rg8 35. Bd2 Qxa4 36. Qg6 Qd1 37. Qf5 Qe2 38. Bh6 g6 39. Qg4 Qf1+ 40.
Kh4 f5 41. exf5 Qxf5 42. Qxf5 gxf5 43. Rxb7 Rg4+ 44. Kh3 Nf6 45. Rf7 Rg6 46.
Bg7+ Rxg7 47. Rxf6 f4 48. gxf4 exf4 1/2-1/2

[Event "Astana Zhuldyzdary Open A"]
[Site "Astana KAZ"]
[Date "2023.07.12"]
[Round "3.7"]
[White "Makhnev, Denis"]
[Black "Suleimen, Ergali"]
[Result "1-0"]
[WhiteTitle "GM"]
[BlackTitle "FM"]
[WhiteElo "2454"]
[BlackElo "2296"]
[WhiteFideId "13707647"]
[BlackFideId "13724452"]
[EventDate "2023.07.11"]

1. d4 Nf6 2. c4 g6 3. g3 Bg7 4. Bg2 d5 5. cxd5 Nxd5 6. e4 Nb6 7. Ne2 c5 8. d5
O-O 9. O-O e6 10. Nec3 exd5 11. exd5 Bf5 12. Nd2 Na6 13. Nde4 Bxe4 14. Nxe4 Nxd5
15. Bg5 Qd7 16. Nc3 Bxc3 17. bxc3 Nac7 18. c4 Nb6 19. Qxd7 Nxd7 20. Rfd1 Nb6 21.
Be7 Rfe8 22. Bxc5 Ne6 23. Bxb6 axb6 24. Rd6 Nc5 25. Rxb6 Ra5 26. Bd5 Re2 27. a4
Re7 28. Rb4 Kf8 29. Ra3 Na6 30. Rb5 Rxb5 31. cxb5 Nb4 32. Bf3 b6 33. a5 bxa5 34.
b6 Re1+ 35. Kg2 Rb1 36. Be4 Rb2 37. b7 1-0

[Event "Astana Zhuldyzdary Open A"]
[Site "Astana KAZ"]
[Date "2023.07.12"]
[Round "3.8"]
[White "Zarubitski, Viachaslau"]
[Black "Niemann, Hans Moke"]
[Result "1/2-1/2"]
[WhiteTitle "IM"]
[BlackTitle "GM"]
[WhiteElo "2423"]
[BlackElo "2674"]
[WhiteFideId "13509373"]
[BlackFideId "2093596"]
[EventDate "2023.07.11"]

1. e4 c5 2. Nf3 d6 3. c3 Nf6 4. Bd3 Nc6 5. h3 e5 6. Bc2 d5 7. exd5 Qxd5 8. Qe2
Be7 9. d3 Bf5 10. Nbd2 O-O-O 11. Nc4 e4 12. dxe4 Bxe4 13. Bxe4 Qxe4 14. Qxe4
Nxe4 15. O-O f5 16. Be3 Bf6 17. a4 Rhe8 18. Rad1 b6 19. Rfe1 Rxd1 20. Rxd1 Rd8
21. Rxd8+ Kxd8 22. Nfd2 Nxd2 23. Bxd2 Kd7 24. Kf1 Ke6 25. Ke2 Be7 26. Kd3 h5 27.
f3 h4 28. Bf4 Bd8 29. Bh2 a6 30. b3 Kd5 31. Ne3+ Ke6 32. Nc4 g5 33. Bg1 Ne7 34.
Bh2 f4 35. Bg1 Nd5 36. Nd2 a5 37. Ne4 Kd7 38. Bf2 Be7 39. Bg1 Kc6 40. Bf2 Bd8
41. Bg1 Be7 42. Bf2 Bd8 1/2-1/2

[Event "Astana Zhuldyzdary Open A"]
[Site "Astana KAZ"]
[Date "2023.07.12"]
[Round "3.9"]
[White "Sargsyan, Shant"]
[Black "Aitbayev, Aslan"]
[Result "1/2-1/2"]
[WhiteTitle "GM"]
[BlackTitle "IM"]
[WhiteElo "2654"]
[BlackElo "2403"]
[WhiteFideId "13306766"]
[BlackFideId "13704613"]
[EventDate "2023.07.11"]

1. e4 e6 2. d4 d5 3. e5 c5 4. c3 Nc6 5. Nf3 Bd7 6. Be2 Nge7 7. O-O Ng6 8. Be3
Be7 9. Nbd2 O-O 10. Re1 cxd4 11. cxd4 Rc8 12. Rc1 Qb6 13. Nb3 Na5 14. Nxa5 Rxc1
15. Qxc1 Qxa5 16. Qb1 Rc8 17. Bd2 Bb4 18. Bxb4 Qxb4 19. g3 Bb5 20. a3 Qb3 21.
Kg2 Bxe2 22. Rxe2 h6 23. h4 Ne7 24. h5 a5 25. Re3 Qc2 26. Qxc2 Rxc2 27. Rb3 Nf5
28. a4 Rc4 29. Rxb7 Rxa4 30. Rb5 Rb4 31. Rxb4 axb4 32. Kf1 Ne7 33. Ke2 Nc6 34.
Kd3 f6 35. Kc2 Na5 36. Nd2 Nc6 37. Nf3 Na5 38. exf6 gxf6 39. Nh2 Kg7 40. Ng4 Nc6
41. Kb3 f5 42. Ne5 Nxd4+ 43. Kxb4 Kf6 44. Nd3 Ke7 45. Kc3 Nf3 46. b4 Kd6 47. b5
e5 48. b6 d4+ 49. Kc4 Kc6 50. Nb4+ Kxb6 51. Nd5+ Kc6 52. Ne7+ Kd7 53. Nxf5 Ke6
54. Nxh6 e4 55. g4 Kf6 56. Nf5 Ne5+ 57. Kxd4 Nxg4 58. h6 Kg6 59. Kxe4 Nxf2+ 1/2-1/2

[Event "Astana Zhuldyzdary Open A"]
[Site "Astana KAZ"]
[Date "2023.07.12"]
[Round "3.10"]
[White "Rakhmanov, Aleksandr"]
[Black "Zhalmakhanov, Ramazan"]
[Result "1/2-1/2"]
[WhiteTitle "GM"]
[BlackTitle "IM"]
[WhiteElo "2620"]
[BlackElo "2413"]
[WhiteFideId "4173708"]
[BlackFideId "13706357"]
[EventDate "2023.07.11"]

1. c4 e6 2. Nc3 d5 3. d4 c5 4. cxd5 exd5 5. Nf3 Nc6 6. dxc5 d4 7. Na4 Bxc5 8.
Nxc5 Qa5+ 9. Bd2 Qxc5 10. Rc1 Qb6 11. e3 dxe3 12. Bxe3 Qb4+ 13. Bd2 Qe7+ 14. Be2
Nf6 15. O-O O-O 16. Re1 Qd6 17. Be3 Qxd1 18. Rexd1 Be6 19. Nd4 Nxd4 20. Rxd4
Rfc8 21. Bf3 Rxc1+ 22. Bxc1 Rc8 23. Bd2 b6 24. Bb7 Re8 25. a3 h6 26. Ba6 Nd7 27.
Bc3 Nc5 28. Bb5 Rc8 29. f3 a6 30. Be2 b5 31. Rd6 Na4 32. Be5 Rc1+ 33. Rd1 Rc8
34. Rd6 Rc1+ 35. Rd1 Rc8 36. Rd6 1/2-1/2

[Event "Astana Zhuldyzdary Open A"]
[Site "Astana KAZ"]
[Date "2023.07.12"]
[Round "3.11"]
[White "Gan-Erdene, Sugar"]
[Black "Smirin, Ilia"]
[Result "0-1"]
[WhiteTitle "IM"]
[BlackTitle "GM"]
[WhiteElo "2418"]
[BlackElo "2595"]
[WhiteFideId "4902980"]
[BlackFideId "2801990"]
[EventDate "2023.07.11"]

1. d4 Nf6 2. c4 g6 3. Nf3 Bg7 4. g3 c5 5. Bg2 Qa5+ 6. Nbd2 cxd4 7. Nxd4 Nc6 8.
Nb3 Qa4 9. O-O O-O 10. c5 b6 11. cxb6 axb6 12. Nb1 Ne4 13. Qd3 Nc5 14. Nxc5 bxc5
15. Nc3 Qa6 16. Qd5 Qb6 17. Qg5 e6 18. Bd2 d5 19. b3 Ba6 20. Rfe1 Nd4 21. Rac1
h6 22. Qg4 h5 23. Qh3 Bc8 24. e3 Nc6 25. Qh4 Ne5 26. Na4 Qd6 27. Nxc5 Ng4 28.
Na4 Bf6 29. Qh3 e5 30. Rxc8 Raxc8 31. Bf3 Rc2 32. Rd1 Qe6 33. Qf1 e4 34. Bxg4
Qxg4 35. Bb4 Rd8 36. Ba5 Ra8 37. b4 d4 38. Nb6 Rd8 39. Na4 dxe3 40. Rxd8+ Bxd8
41. fxe3 Bg5 42. Bb6 h4 0-1